<?xml version="1.0" encoding="UTF-8"?>
<record
    xmlns:xsi="http://www.w3.org/2001/XMLSchema-instance"
    xsi:schemaLocation="http://www.loc.gov/MARC21/slim http://www.loc.gov/standards/marcxml/schema/MARC21slim.xsd"
    xmlns="http://www.loc.gov/MARC21/slim">

  <leader>00665cas a2200217 a 4500</leader>
  <datafield tag="999" ind1=" " ind2=" ">
    <subfield code="c">20330</subfield>
    <subfield code="d">20330</subfield>
  </datafield>
  <controlfield tag="005">20181008110226.0</controlfield>
  <controlfield tag="008">000126c19650000ck tr p r     0  0b0spa d</controlfield>
  <datafield tag="040" ind1=" " ind2=" ">
    <subfield code="a">ie </subfield>
    <subfield code="c">ie</subfield>
    <subfield code="d">CO-BoIAVH</subfield>
  </datafield>
  <datafield tag="041" ind1="0" ind2=" ">
    <subfield code="a">spa</subfield>
  </datafield>
  <datafield tag="044" ind1=" " ind2=" ">
    <subfield code="a">ck</subfield>
  </datafield>
  <datafield tag="090" ind1=" " ind2=" ">
    <subfield code="a">SE</subfield>
  </datafield>
  <datafield tag="245" ind1="0" ind2="0">
    <subfield code="a">Revista Universidad EAFIT.</subfield>
  </datafield>
  <datafield tag="260" ind1=" " ind2=" ">
    <subfield code="a">Medell&#xED;n (Colombia) :  </subfield>
    <subfield code="b">Universidad EAFIT, </subfield>
    <subfield code="c">1965- .</subfield>
  </datafield>
  <datafield tag="300" ind1=" " ind2=" ">
    <subfield code="b">ilustraciones y tablas ; </subfield>
  </datafield>
  <datafield tag="310" ind1=" " ind2=" ">
    <subfield code="a">f</subfield>
  </datafield>
  <datafield tag="650" ind1="2" ind2="6">
    <subfield code="a">Econom&#xED;a</subfield>
    <subfield code="v">Publicaciones peri&#xF3;dicas</subfield>
  </datafield>
  <datafield tag="650" ind1="2" ind2="6">
    <subfield code="a">Ciencia</subfield>
    <subfield code="v">Publicaciones peri&#xF3;dicas</subfield>
  </datafield>
  <datafield tag="650" ind1="2" ind2="6">
    <subfield code="a">Medio ambiente</subfield>
    <subfield code="v">Publicaciones peri&#xF3;dicas</subfield>
    <subfield code="z">Colombia</subfield>
  </datafield>
  <datafield tag="710" ind1="2" ind2=" ">
    <subfield code="a">Universidad EAFIT</subfield>
  </datafield>
  <datafield tag="942" ind1=" " ind2=" ">
    <subfield code="2">z</subfield>
    <subfield code="c">REVISTA</subfield>
  </datafield>
  <datafield tag="952" ind1=" " ind2=" ">
    <subfield code="0">0</subfield>
    <subfield code="1">0</subfield>
    <subfield code="2">z</subfield>
    <subfield code="4">0</subfield>
    <subfield code="7">0</subfield>
    <subfield code="8">HEMEROTECA</subfield>
    <subfield code="A">2018</subfield>
    <subfield code="B">53</subfield>
    <subfield code="C">172</subfield>
    <subfield code="a">Bogota</subfield>
    <subfield code="b">Bogota</subfield>
    <subfield code="d">2018-10-08</subfield>
    <subfield code="h">Vol 53, Nro 172 (01/06/2018)</subfield>
    <subfield code="l">0</subfield>
    <subfield code="o">SE</subfield>
    <subfield code="p">030346</subfield>
    <subfield code="r">2018-10-08 00:00:00</subfield>
    <subfield code="t">Ej. 1</subfield>
    <subfield code="w">2018-10-08</subfield>
    <subfield code="x">Donacion</subfield>
    <subfield code="y">REVISTA</subfield>
  </datafield>
</record>
